[Event "British Chess Championships 2023: British Championship"]
[Site "The Venue, De Montfort University, 20 Western Boulevard, Leicester, LE2 7BU"]
[Date "2023.07.23"]
[Round "2"]
[Board "15"]
[White "Han, Yichen"]
[Black "Szekely, Virgil"]
[Result "1/2-1/2"]
[WhiteElo "2413"]
[BlackElo "1957"]
[PlyCount "0"]
[EventDate "2023.07.22"]
[EventRounds "9"]
[EventCountry "ENG"]

1. d4 d5 2. c4 e6 3. Nf3 Nf6 4. g3 dxc4 5. Bg2 c5 6. O-O Nc6 7. Ne5 Bd7 8. Na3 cxd4
9. Naxc4 Be7 10. Qb3 Nxe5 11. Nxe5 Qb6 12. Bxb7 Qxb3 13. axb3 Rb8 14. Bf3 Bc5 15.
b4 Rxb4 16. Nd3 Rb5 17. Nxc5 Rxc5 18. b4 Rc2 19. Rxa7 O-O 20. Bf4 Bb5 21. Rc1 Rxc1+
22. Bxc1 e5 23. Rb7 Bc4 24. e3 e4 25. Bd1 Rc8 26. Bb2 d3 27. b5 Be6 28. b6 Nd7 29.
Kf1 Nc5 30. Ra7 Bd5 31. Rc7 Rxc7 32. bxc7 Be6 33. Ba3 Na6 34. Bd6 f5 35. f3 Kf7 36.
fxe4 fxe4 37. Ba4 Bg4 38. Ke1 Bc8 39. Bb3+ Ke8 40. Bd5 Kd7 41. Be5 Nxc7 42. Bxe4
g6 43. Bxd3 Ne6 44. Bf6 Ke8 45. Be4 Kf7 46. Bd4 Ng5 47. Bc6 Bf5 48. Ke2 h5 49. h4
Ne6 50. Bd5 Ke7 51. Bb2 Kf7 52. Kd2 Ke7 53. Kc3 Bh3 54. Kb4 Kd6 55. Be4 g5 56. Bg6
gxh4 57. gxh4 Bg4 58. Kc4 Be2+ 59. Kc3 Bg4 60. Kd3 Bf3 61. Bd4 Bg4 62. Ke4 Bd1 63.
Be5+ Ke7 64. Kd5 Bb3+ 65. Kc6 Ba4+ 66. Kb6 Bd1 67. Bd3 Ba4 68. Bg6 Nf8 69. Bxh5 Nd7+
70. Ka5 Nxe5 71. Kxa4 Nc4 72. e4 Nd6 73. Bg6 Nxe4 74. Bxe4 Kf8 75. h5 Kg7 76. Bg6
Kh8 77. h6 Kg8 78. h7+ Kh8 79. Kb5 Kg7 80. Kc6 Kh8 81. Kd7 Kg7 82. Ke7 Kh8 83. Kf8
 1/2-1/2

[Event "British Chess Championships 2023: British Championship"]
[Site "The Venue, De Montfort University, 20 Western Boulevard, Leicester, LE2 7BU"]
[Date "2023.07.23"]
[Round "2"]
[Board "16"]
[White "Kueh, Audrey"]
[Black "Jackson, James P"]
[Result "0-1"]
[WhiteElo "2096"]
[BlackElo "2390"]
[PlyCount "0"]
[EventDate "2023.07.22"]
[EventRounds "9"]
[EventCountry "ENG"]

1. e4 e5 2. Nf3 Nc6 3. d4 exd4 4. Bc4 Nf6 5. e5 d5 6. Bb5 Nd7 7. O-O Be7 8. Bxc6
bxc6 9. Nxd4 Nb8 10. Nc3 a5 11. Qf3 O-O 12. Rd1 Ra6 13. a4 f5 14. Nce2 Kh8 15. Qc3
c5 16. Nb3 d4 17. Qe1 Nc6 18. f4 Bb7 19. Bd2 c4 20. Nbc1 Bc5 21. Kh1 Nb4 22. Bxb4
axb4 23. Nxd4 Bxd4 24. Ne2 Bxg2+ 25. Kxg2 Qa8+ 26. Kg3 Rg6+ 27. Kh4 Rg4+ 28. Kh5
Qe8#  0-1

[Event "British Chess Championships 2023: British Championship"]
[Site "The Venue, De Montfort University, 20 Western Boulevard, Leicester, LE2 7BU"]
[Date "2023.07.23"]
[Round "2"]
[Board "17"]
[White "Payne, Matthew J"]
[Black "Eggleston, David J"]
[Result "0-1"]
[WhiteElo "2104"]
[BlackElo "2358"]
[PlyCount "0"]
[EventDate "2023.07.22"]
[EventRounds "9"]
[EventCountry "ENG"]

1. e4 e6 2. d4 d5 3. e5 c5 4. c3 Nc6 5. Nf3 Qb6 6. Bd3 cxd4 7. O-O Bd7 8. Re1 Nge7
9. h4 a6 10. h5 h6 11. a3 Rc8 12. b4 dxc3 13. Nxc3 Nd4 14. Be3 Nxf3+ 15. Qxf3 Qc7
16. Bd2 Nc6 17. Qg3 Nd4 18. Rac1 Qd8 19. Rb1 Nb5 20. Nxb5 Bxb5 21. f4 Bxd3 22. Qxd3
Qb6+ 23. Re3 Qb5 24. Qxb5+ axb5 25. Rc3 Rc4 26. Rxc4 bxc4 27. Bc3 Be7 28. a4 Kd7
29. Kf2 f6 30. Ke3 Ra8 31. a5 Kc6 32. b5+ Kd7 33. Rd1 fxe5 34. Bxe5 Rxa5 35. Bxg7
Rxb5 36. Bxh6 Rb3+ 37. Ke2 Rg3 38. Kf2 Rg8  0-1

[Event "British Chess Championships 2023: British Championship"]
[Site "The Venue, De Montfort University, 20 Western Boulevard, Leicester, LE2 7BU"]
[Date "2023.07.23"]
[Round "2"]
[Board "18"]
[White "Jackson, Edward"]
[Black "Claridge-Hansen, William"]
[Result "1/2-1/2"]
[WhiteElo "1942"]
[BlackElo "2332"]
[PlyCount "0"]
[EventDate "2023.07.22"]
[EventRounds "9"]
[EventCountry "ENG"]

1. e4 c5 2. c3 d5 3. exd5 Qxd5 4. d4 Nf6 5. Nf3 e6 6. Na3 Nc6 7. Nb5 Qd8 8. dxc5
Bxc5 9. Qxd8+ Kxd8 10. Bg5 a6 11. O-O-O+ Ke7 12. Nbd4 Bd7 13. Nxc6+ Bxc6 14. Nd4
Bd5 15. Kc2 Rhd8 16. f3 b5 17. Be2 Rac8 18. Nb3 Bd6 19. Nd4 Kf8 20. Nf5 Bc5 21. Ne3
Be7 22. Bxf6 Bxf6 23. Nxd5 exd5 24. Kb1 Rb8 25. Rd2 a5 26. Rhd1 b4 27. c4 d4 28.
Bd3 Rdc8 29. Re2 g6 30. Rde1 Rc5 31. Re4 Rd8 32. f4 Rh5 33. h3 Bh4 34. Rf1 Rc5 35.
f5 Be7 36. fxg6 hxg6 37. Rff4 g5 38. Rf3 Rd6 39. Re2 Rf6 40. Rxf6 Bxf6 41. Rf2 Ke7
42. Kc2  1/2-1/2

[Event "British Chess Championships 2023: British Championship"]
[Site "The Venue, De Montfort University, 20 Western Boulevard, Leicester, LE2 7BU"]
[Date "2023.07.23"]
[Round "2"]
[Board "19"]
[White "Beaumont, Chris R"]
[Black "Saunders, Aron"]
[Result "1-0"]
[WhiteElo "2262"]
[BlackElo "2113"]
[PlyCount "0"]
[EventDate "2023.07.22"]
[EventRounds "9"]
[EventCountry "ENG"]

1. c4 c6 2. Nf3 Nf6 3. g3 d5 4. Bg2 Bf5 5. Qb3 Qc8 6. cxd5 cxd5 7. Nc3 e6 8. d3 Nc6
9. Bf4 a6 10. O-O Be7 11. Rac1 O-O 12. Ne5 Nh5 13. Nxc6 bxc6 14. Be5 Qd7 15. Na4
Ra7 16. Qc3 f6 17. Bd4 Rc7 18. Bb6 Rcc8 19. e4 Bg6 20. Be3 Rb8 21. Qxc6 Qxc6 22.
Rxc6 Be8 23. Rxa6 d4 24. Bc1 e5 25. b3 Bb5 26. Ra7 Bd6 27. Nb2 Rfc8 28. Bh3 Rc3 29.
Be6+ Kh8 30. Bc4 Be8 31. Ra6 Be7 32. g4 Nf4 33. Bxf4 exf4 34. f3 h5 35. h3 Kh7 36.
Na4 Rc2 37. Rf2 Rc1+ 38. Rf1 Rc2 39. Rf2 Rc1+ 40. Kg2 Bb4 41. Rb6 Rxb6 42. Nxb6 Be1
43. Re2 Kg6 44. Nd5 Bg3 45. Ne7+ Kg5 46. Nf5 hxg4 47. hxg4  1-0

[Event "British Chess Championships 2023: British Championship"]
[Site "The Venue, De Montfort University, 20 Western Boulevard, Leicester, LE2 7BU"]
[Date "2023.07.23"]
[Round "2"]
[Board "20"]
[White "Shaw, Peter"]
[Black "Toma, Katarzyna"]
[Result "0-1"]
[WhiteElo "2066"]
[BlackElo "2259"]
[PlyCount "0"]
[EventDate "2023.07.22"]
[EventRounds "9"]
[EventCountry "ENG"]

1. d4 Nf6 2. c4 e6 3. Nf3 b6 4. a3 Bb7 5. Nc3 Be7 6. d5 O-O 7. e4 d6 8. Bd3 c5 9.
O-O e5 10. h3 Nbd7 11. Be3 Nh5 12. g3 g6 13. Bh6 Ng7 14. g4 f6 15. Kh2 Rf7 16. Rg1
Bc8 17. Rg3 Nf8 18. Qd2 g5 19. h4 Ng6 20. hxg5 fxg5 21. Nxg5 Rf4 22. Ne6 Nxe6 23.
dxe6 Bxe6 24. Nd5 Bxd5 25. exd5 Bg5 26. Bxg5 Qxg5 27. Bxg6 hxg6 28. Kg2 Raf8 29.
Rf1 Qh4 30. Qe2 Kg7 31. b3 Rh8 32. Rg1 Qh2+ 33. Kf1 Rhf8 34. R1g2 Qh1+ 35. Rg1 Qh4
36. a4 Qf6 37. R1g2 Rh8 38. Rg1 Rh2 39. R1g2 Qh4 40. Rxh2 Qxg3  0-1

[Event "British Chess Championships 2023: British Championship"]
[Site "The Venue, De Montfort University, 20 Western Boulevard, Leicester, LE2 7BU"]
[Date "2023.07.23"]
[Round "2"]
[Board "21"]
[White "Pigott, John C"]
[Black "Chan, Sheng Liang Bernard"]
[Result "1-0"]
[WhiteElo "2347"]
[BlackElo "2078"]
[PlyCount "0"]
[EventDate "2023.07.22"]
[EventRounds "9"]
[EventCountry "ENG"]

1. Nf3 d5 2. g3 Nf6 3. Bg2 g6 4. c4 c6 5. b3 Bg7 6. Bb2 Qb6 7. Qc1 dxc4 8. Qxc4 Be6
9. Qc2 Na6 10. O-O O-O 11. Nc3 Nb4 12. Qc1 Bh6 13. Na4 Qd8 14. Nc5 Bc8 15. Qc4 a5
16. Ne5 Bg7 17. d4 Na6 18. Nxa6 Rxa6 19. Rfd1 Be6 20. Qc2 a4 21. b4 Qb6 22. Nd3 a3
23. Bc3 Bf5 24. e3 Qb5 25. Be1 Rd8 26. Bf1 Raa8 27. Qc1 Qb6 28. Rb1 Ne4 29. Be2 Nd6
30. Rb3 Qa7 31. Rc3 Nb5 32. Rc5 Be6 33. Rc2 Bf5 34. g4 Be6 35. Nc5 Nc7 36. f3 Bh6
37. Bf2 Bd5 38. Qb1 Ne6 39. Nd3 Ng5 40. Kg2 f6 41. h4 Ne6 42. e4 Bxe4 43. fxe4 Nxd4
44. Rc4 e5 45. g5 b5 46. Rxd4 exd4 47. gxh6 Qe7 48. Nc5 f5 49. Qb3+ Qf7 50. exf5
Rd5 51. fxg6 Qxg6+ 52. Qg3 Re8 53. Qxg6+ hxg6 54. Bf3 Rd6 55. Rxd4 Rf6 56. Ne4 Rf4
57. Be3 Rf5 58. Rd7 Rf7 59. Rxf7  1-0

[Event "British Chess Championships 2023: British Championship"]
[Site "The Venue, De Montfort University, 20 Western Boulevard, Leicester, LE2 7BU"]
[Date "2023.07.23"]
[Round "2"]
[Board "22"]
[White "Merriman, James"]
[Black "Kolbus, Dietmar"]
[Result "1-0"]
[WhiteElo "2067"]
[BlackElo "2270"]
[PlyCount "0"]
[EventDate "2023.07.22"]
[EventRounds "9"]
[EventCountry "ENG"]

1. d4 Nf6 2. c4 e6 3. Nc3 Bb4 4. e3 Bxc3+ 5. bxc3 d6 6. Bd3 Nbd7 7. Ne2 e5 8. e4
c5 9. O-O Qe7 10. Ng3 g6 11. f4 h6 12. Qf3 Rh7 13. Bc2 Kd8 14. fxe5 dxe5 15. dxe5
Qxe5 16. Bf4 Qe6 17. Rad1 Ne8 18. h4 a5 19. Rd5 a4 20. Rfd1 Ke7 21. Bd6+ Nxd6 22.
Rxd6 Qxd6 23. Rxd6 Kxd6 24. e5+ Ke7 25. Qd5 Ra6 26. Ne4 Rh8 27. Nd6 Rf8 28. h5 Rc6
29. hxg6 fxg6 30. Bxg6 Nb6 31. Qe4 Rxd6 32. exd6+ Kxd6 33. Qd3+ Kc7 34. Qg3+ Kd8
35. Qh4+ Kc7 36. Qh2+ Kd8 37. Qxh6 Nd7 38. Bc2 Rf6 39. Qh8+ Kc7 40. Bxa4 Ra6 41.
Qh2+ Kd8 42. Bb5 Ra5 43. a3 Rxa3 44. Qf4 Ra2 45. Qd6 Ra1+ 46. Kh2 Rf1 47. g4 Rf6
48. Qd3 Re6 49. g5 Kc7 50. Bxd7 Bxd7 51. g6 Rd6 52. Qg3 Be6 53. g7 Bxc4 54. g8=Q
Bxg8 55. Qxg8 Rc6 56. Qf7+ Kb6 57. Qb3+ Kc7 58. Kg2 c4 59. Qb4 Kc8 60. Kf3 Kc7 61.
Ke4 Kc8 62. Kd5 Kc7 63. Qf8 Kb6 64. Qd8+ Kb5 65. Qd7 Kb6 66. Kd4 Ka6 67. Ke3 Ka7
68. Kd2 Kb6 69. Kc2 Ka7 70. Kb2 Kb8 71. Ka3 Ka7 72. Qd8 Ka6 73. Kb4 Ka7 74. Kb5 Ra6
75. Kxc4 Rc6+ 76. Kd4 Ra6 77. c4 Ra1 78. Kc5 Ra6 79. Kb5 Rc6 80. c5 Ra6 81. Qe7 Rc6
82. Qd7 Rh6 83. Qd2 Rc6 84. Qd4 Kb8 85. Kc4 Ra6 86. Kd5 Rc6 87. Qf4+ Ka7 88. Qa4+
Ra6 89. Qd7 Rh6 90. Qd6 Rh1 91. Qb6+ Ka8 92. Qg6 Rd1+ 93. Kc4 Rd8 94. Kb5 Rd2 95.
Kb6 Rd8 96. Qf6 Rg8 97. Qa1+  1-0

[Event "British Chess Championships 2023: British Championship"]
[Site "The Venue, De Montfort University, 20 Western Boulevard, Leicester, LE2 7BU"]
[Date "2023.07.23"]
[Round "2"]
[Board "23"]
[White "Turner, Max N"]
[Black "Shearsby, Jude"]
[Result "1/2-1/2"]
[WhiteElo "2252"]
[BlackElo "2076"]
[PlyCount "0"]
[EventDate "2023.07.22"]
[EventRounds "9"]
[EventCountry "ENG"]

1. d4 Nf6 2. Nf3 g6 3. g3 Bg7 4. Bg2 O-O 5. O-O c6 6. c4 d5 7. cxd5 cxd5 8. Nc3 Nc6
9. Ne5 e6 10. Bf4 Nd7 11. Nxc6 bxc6 12. Na4 Ba6 13. Rc1 Qa5 14. Re1 Qb4 15. b3 Rfc8
16. Be3 Bf8 17. Qc2 Bb5 18. Nb2 c5 19. Nd3 Bxd3 20. Qxd3 c4 21. bxc4 dxc4 22. Qc2
Rab8 23. d5 exd5 24. Bxd5 Nb6 25. Bf3 Bd6 26. Bd4 Qa5 27. Red1 Be5 28. Be3 Qa3 29.
Rb1 h5 30. Rb5 Qe7 31. Rdb1 h4 32. a4 hxg3 33. hxg3 c3 34. R1b4 Rc4 35. Rxc4 Nxc4
36. Bc5 Qf6 37. Bxa7 Rxb5 38. axb5 Bd4 39. Qd3 Bxa7 40. Qxc4 Qe5 41. Kg2 c2 42. Qxc2
Qxb5 43. e3 Qc5 44. Qe4 Kg7 45. Qb7 Bb6 46. Qe4 Bc7 47. Qd3 Qd6 48. Qc4 Bd8 49. Bd5
Qc7 50. Qb3 Bf6 51. f4 Qa7 52. e4 Bd4 53. e5 Qa6 54. Qd1 Qa1 55. Qxa1 Bxa1 56. Kf3
g5 57. Ke4 gxf4 58. gxf4 f6 59. e6 Kf8 60. f5  1/2-1/2

[Event "British Chess Championships 2023: British Championship"]
[Site "The Venue, De Montfort University, 20 Western Boulevard, Leicester, LE2 7BU"]
[Date "2023.07.23"]
[Round "2"]
[Board "24"]
[White "Jones, Steven A"]
[Black "Khoury, Theo"]
[Result "1-0"]
[WhiteElo "2175"]
[BlackElo "2066"]
[PlyCount "0"]
[EventDate "2023.07.22"]
[EventRounds "9"]
[EventCountry "ENG"]

1. e4 c5 2. Nf3 d6 3. d4 cxd4 4. Nxd4 Nf6 5. Nc3 a6 6. Be3 e5 7. Nb3 Be7 8. Qd2 Ng4
9. g3 Nxe3 10. Qxe3 Be6 11. O-O-O Nd7 12. Kb1 b5 13. f4 Rc8 14. h4 h5 15. Rh2 Nf6
16. Rhd2 Qc7 17. Be2 O-O 18. Nd5 Bxd5 19. exd5 Nd7 20. Bxh5 Bf6 21. f5 a5 22. Be2
a4 23. Nc1 Qa5 24. g4 e4 25. g5 Be5 26. f6 Qb4 27. Rd4 Bxd4 28. Rxd4 Qc5 29. c3 b4
30. fxg7 Rfe8 31. g6 fxg6 32. Qh6 bxc3 33. Qh8+ Kf7 34. Qh7 Rg8 35. h5 Ne5 36. hxg6+
Nxg6 37. Bh5 Rxg7 38. Bxg6+ Kf6 39. Qh4+ Kxg6 40. Qxe4+ Kg5 41. Qg2+ Kh5 42. Qh3+
Kg6 43. Qe6+ Kg5 44. Rg4+ Kh5 45. Qf5+  1-0

[Event "British Chess Championships 2023: British Championship"]
[Site "The Venue, De Montfort University, 20 Western Boulevard, Leicester, LE2 7BU"]
[Date "2023.07.23"]
[Round "2"]
[Board "25"]
[White "Dignam, Matthew P"]
[Black "Mitra, Roman C"]
[Result "1-0"]
[WhiteElo "2055"]
[BlackElo "2171"]
[PlyCount "0"]
[EventDate "2023.07.22"]
[EventRounds "9"]
[EventCountry "ENG"]

1. e4 e5 2. Nf3 Nf6 3. Nxe5 d6 4. Nf3 Nxe4 5. Nc3 Nxc3 6. dxc3 Be7 7. Bd3 O-O 8.
Bf4 Nd7 9. Qd2 Nc5 10. O-O Nxd3 11. Qxd3 Bd7 12. Rfe1 Re8 13. Re3 Bf8 14. Ng5 g6
15. Qc4 Qf6 16. Rf3 Be6 17. Qxc7 Bd5 18. Rd3 Qxf4 19. Rxd5 Re2 20. Rf1 Rae8 21. Nf3
Rxc2 22. Qxb7 Qc4 23. Qb5 Qxa2 24. Rxd6 Bxd6 25. Qxe8+ Bf8 26. Ne5 Rxb2 27. c4 Rb7
28. Nd7 Qa3 29. c5 Rxd7 30. Qxd7 Bxc5 31. Qe8+ Kg7 32. Qe5+ f6 33. Qc7+ Kh6 34. g3
Qb4 35. Qc6 Qd4 36. Qf3 a5 37. Rd1 Qe5 38. Rd5 Qe1+ 39. Kg2 Be7 40. Rd7 Kg7 41. Qe3
Qxe3 42. fxe3 Kf8 43. Ra7 Bc5 44. Ra8+ Kg7 45. Kf3 Bb4 46. Ra7+ Kh6 47. h4 Be1 48.
Rf7 Bc3 49. g4 a4 50. Kf4 Be5+ 51. Ke4 Bb2 52. Ra7 a3 53. Ra5 Kg7 54. g5 f5+ 55.
Kd5 h5 56. Ke6 Kf8 57. Ra6 Kg7 58. Ra7+ Kf8 59. Ra4 Kg8 60. Ke7 Bc3 61. Ra8+ Kg7
62. Ke6 Bb2 63. Ra6 Kg8 64. Ke7 Bc3 65. Rxg6+  1-0

[Event "British Chess Championships 2023: British Championship"]
[Site "The Venue, De Montfort University, 20 Western Boulevard, Leicester, LE2 7BU"]
[Date "2023.07.23"]
[Round "2"]
[Board "26"]
[White "Ismail, Mohammed Aayan"]
[Black "Starley, Robert"]
[Result "1-0"]
[WhiteElo "2169"]
[BlackElo "2064"]
[PlyCount "0"]
[EventDate "2023.07.22"]
[EventRounds "9"]
[EventCountry "ENG"]

1. d4 Nf6 2. c4 e6 3. e3 b6 4. a3 Bb7 5. Nc3 Be7 6. Nf3 O-O 7. Bd3 d6 8. O-O Nbd7
9. e4 e5 10. d5 a5 11. Rb1 Nc5 12. Bc2 Ba6 13. b4 axb4 14. axb4 Ncd7 15. Bd3 Re8
16. Be3 Nf8 17. c5 bxc5 18. bxc5 Bxd3 19. Qxd3 Rb8 20. c6 Ng4 21. Ba7 Rxb1 22. Rxb1
Qa8 23. Rb7 Rc8 24. Nb5 Bd8 25. Nd2 Nf6 26. Nc4 Ne8 27. Qf3 Bf6 28. Ne3 Ng6 29. Nc2
Bd8 30. Nb4 Nf4 31. Na6 Kh8 32. h4 Kg8 33. g3 Ng6 34. h5 Ne7 35. Qa3 f5 36. Bb8 fxe4
37. Ra7 Rxb8 38. Rxa8 Rxa8 39. Nc3 Nf6 40. Qa5 Nc8 41. Na4 Ne7 42. Qb5 Nfxd5 43.
Qb7 Rc8 44. Nb4 Nxb4 45. Qxb4 Ra8 46. Nc3 d5 47. Qb5 Kf8 48. Nxd5 Nxd5 49. Qxd5 Be7
50. Qxe4 h6 51. Qxe5 Bd6 52. Qd5 Ra1+ 53. Kg2 Rc1 54. Qf5+ Kg8 55. f4 Rc5 56. Qd7
Kh7 57. Qe8 Rc2+ 58. Kh3 Rc1 59. Kg4 Rc5 60. Qd7 Rc4 61. Kf5 Rc5+ 62. Ke6 Rxh5 63.
Kf7 Rd5 64. Qc8 Bf8 65. Kxf8 Rd6 66. Qxc7 Rf6+ 67. Ke7 h5 68. Qe5 h4 69. gxh4 Kg8
70. Qxf6  1-0

[Event "British Chess Championships 2023: British Championship"]
[Site "The Venue, De Montfort University, 20 Western Boulevard, Leicester, LE2 7BU"]
[Date "2023.07.23"]
[Round "2"]
[Board "27"]
[White "Pert, Nina P"]
[Black "Unnikrishnan, Midhun P"]
[Result "1/2-1/2"]
[WhiteElo "2021"]
[BlackElo "2168"]
[PlyCount "0"]
[EventDate "2023.07.22"]
[EventRounds "9"]
[EventCountry "ENG"]

1. e4 e5 2. Nf3 Nc6 3. Bc4 Bc5 4. c3 Nf6 5. d4 exd4 6. cxd4 Bb4+ 7. Nbd2 Nxe4 8.
d5 Ne7 9. O-O Nxd2 10. Nxd2 O-O 11. a3 Ba5 12. Ne4 d6 13. b4 Bb6 14. Bb2 Ng6 15.
Qf3 Qh4 16. Rae1 Bd7 17. g3 Bg4 18. Qc3 Qh6 19. Be2 Bxe2 20. Rxe2 Ne5 21. Kg2 Rae8
22. Rfe1 f5 23. Bc1 Qh5 24. Ng5 Ng4 25. h4 Rxe2 26. Rxe2 Nf6 27. Re7 Qd1 28. Bd2
f4 29. Re1 Qh5 30. Bxf4 h6 31. Nf3 Qxd5 32. Re7 Rf7 33. Re2 Nh5 34. Bc1 Nf6 35. Bf4
Nh5 36. Bc1 a5 37. bxa5 Bxa5 38. Qe3 Nf6 39. Bb2 Bb6 40. Bd4 Ng4 41. Qe4 Qxe4 42.
Rxe4 Nf6 43. Re2 c5 44. Bb2 d5 45. Rc2 d4 46. Ne5 Re7 47. Nc4 Bc7 48. a4 Re1 49.
Ba3 Ne4 50. Rb2 Rc1 51. Rxb7 Rxc4 52. Rxc7 d3 53. Rd7 d2 54. Kf3 Nf6 55. Rd8+ Kf7
56. Ke2 Ne4 57. Ke3 Nxg3 58. fxg3 Rc3+ 59. Kf2 Rxa3 60. Rxd2 Rxa4 61. Rd7+ Kf6 62.
Rc7 Ra5 63. Kf3 g6 64. Rc6+  1/2-1/2

[Event "British Chess Championships 2023: British Championship"]
[Site "The Venue, De Montfort University, 20 Western Boulevard, Leicester, LE2 7BU"]
[Date "2023.07.23"]
[Round "2"]
[Board "28"]
[White "Boswell, Jacob Connor"]
[Black "Smith, Olivia"]
[Result "1/2-1/2"]
[WhiteElo "2163"]
[BlackElo "2042"]
[PlyCount "0"]
[EventDate "2023.07.22"]
[EventRounds "9"]
[EventCountry "ENG"]

1. d4 d5 2. Nf3 Nf6 3. c4 dxc4 4. e3 e6 5. Bxc4 a6 6. O-O c5 7. Nbd2 b5 8. Be2 Bb7
9. a4 bxa4 10. Ne5 Nbd7 11. Qxa4 Qc7 12. Ndc4 Be7 13. dxc5 Bxc5 14. Rd1 Bd5 15. Bf3
O-O 16. Nxd7 Nxd7 17. Bxd5 exd5 18. Rxd5 Nb6 19. Nxb6 Qxb6 20. Qc4 Bb4 21. Bd2 Bxd2
22. Rxd2 Rac8 23. Qa2 Rc6 24. Rad1 h6 25. g3 Rb8 26. Rd7 Rf8 27. Qd5 Rc5 28. Qd4
Rb5 29. Rd2 Qxd4 30. exd4 Rfb8 31. Rc2 R8b7 32. Rxb7 Rxb7 33. Kg2 Rb3 34. Rd2 Kf8
35. Kf1 Ke7 36. Ke1 Kd6 37. Kd1 Kd5 38. Kc2 Rf3 39. b3 h5 40. Kb2 g5 41. Ka3 f5 42.
Ka4 f4 43. b4 fxg3 44. fxg3 h4 45. gxh4 gxh4 46. Rg2 Rh3 47. Ka5 Ra3+ 48. Kb6 h3
49. Rg4 Rb3 50. Ka5 Ra3+ 51. Kb6 Rb3 52. Rh4 Rxb4+ 53. Kxa6 Rxd4 54. Rxh3 Ke6 55.
Kb5 Kf6 56. Kc5 Rd2 57. Kc4 Kg6 58. Rd3 Rxh2 59. Kd4  1/2-1/2

[Event "British Chess Championships 2023: British Championship"]
[Site "The Venue, De Montfort University, 20 Western Boulevard, Leicester, LE2 7BU"]
[Date "2023.07.23"]
[Round "2"]
[Board "29"]
[White "Villiers, Thomas"]
[Black "Cox, Toby"]
[Result "1-0"]
[WhiteElo "2140"]
[BlackElo "1967"]
[PlyCount "0"]
[EventDate "2023.07.22"]
[EventRounds "9"]
[EventCountry "ENG"]

1. e4 e6 2. d4 d5 3. Nc3 Nf6 4. Bg5 dxe4 5. Nxe4 Be7 6. Bxf6 gxf6 7. Nf3 f5 8. Nc3
Qd6 9. Qd2 a6 10. O-O-O b5 11. Qe3 Nd7 12. d5 e5 13. Bxb5 e4 14. Bc6 Rb8 15. Nd4
Qe5 16. f4 Qf6 17. g4 fxg4 18. Nxe4 Qg7 19. d6 cxd6 20. Nxd6+ Kd8 21. Nxc8  1-0

[Event "British Chess Championships 2023: British Championship"]
[Site "The Venue, De Montfort University, 20 Western Boulevard, Leicester, LE2 7BU"]
[Date "2023.07.23"]
[Round "2"]
[Board "30"]
[White "Ogunshola, Olugbemiga (Ben)"]
[Black "Koiza, Peter"]
[Result "0-1"]
[WhiteElo "2116"]
[BlackElo "1963"]
[PlyCount "0"]
[EventDate "2023.07.22"]
[EventRounds "9"]
[EventCountry "ENG"]

1. c4 e5 2. Nc3 Nf6 3. Nf3 Nc6 4. g3 Bc5 5. Bg2 d6 6. d3 h6 7. O-O O-O 8. Na4 Bb6
9. a3 Qe7 10. Nxb6 axb6 11. b3 Bg4 12. Bb2 Nd7 13. b4 f5 14. Nh4 Bh5 15. Bh3 f4 16.
Qd2 Rf6 17. Nf5 Qf7 18. e4 fxe3 19. fxe3 Bg6 20. Nh4 Bh7 21. Bg2 Kh8 22. Qe2 Rf8
23. Nf3 Qh5 24. Rf2 Bf5 25. Raf1 Bg4 26. b5 Nd8 27. e4 Ne6 28. Qe3 Ndc5 29. d4 exd4
30. Nxd4 Rxf2 31. Rxf2 Rxf2 32. Qxf2 Nd3 33. Qd2 Nxb2 34. Nxe6 Bxe6 35. Qxb2 Qc5+
36. Kh1 Bxc4 37. a4 Qe3 38. h3 Qxg3 39. Qd4 Be6 40. e5 Qe1+  0-1

[Event "British Chess Championships 2023: British Championship"]
[Site "The Venue, De Montfort University, 20 Western Boulevard, Leicester, LE2 7BU"]
[Date "2023.07.23"]
[Round "2"]
[Board "31"]
[White "Badacsonyi, Frankie"]
[Black "Burrows, Martin P"]
[Result "1-0"]
[WhiteElo "1966"]
[BlackElo "2101"]
[PlyCount "0"]
[EventDate "2023.07.22"]
[EventRounds "9"]
[EventCountry "ENG"]

1. d4 Nf6 2. c4 e6 3. Nc3 Bb4 4. e3 O-O 5. Bd2 b6 6. Nf3 Bb7 7. Bd3 d6 8. O-O Nbd7
9. a3 Bxc3 10. Bxc3 Ne4 11. Be1 f5 12. Kh1 c5 13. Ng1 cxd4 14. exd4 d5 15. f3 Nef6
16. b3 a5 17. a4 Nb8 18. Nh3 Nc6 19. Bf2 Nb4 20. Be2 Nh5 21. Re1 f4 22. Bf1 Qf6 23.
Rc1 Kh8 24. Re5 Qg6 25. Qe1 Rae8 26. c5 bxc5 27. Rxc5 h6 28. Bb5 Rc8 29. Rxe6 Qh7
30. Rxc8 Bxc8 31. Re8 Qg8 32. Re5 Bxh3 33. Rxh5 Bf5 34. Qe5 Bh7 35. Rxh6 Rc8 36.
h3 Qf7 37. Bh4 Kg8 38. Rb6 Nd3 39. Rb8 Rxb8 40. Qxb8+ Qf8 41. Qxf8+ Kxf8 42. Bd8
 1-0

[Event "British Chess Championships 2023: British Championship"]
[Site "The Venue, De Montfort University, 20 Western Boulevard, Leicester, LE2 7BU"]
[Date "2023.07.24"]
[Round "3"]
[Board "1"]
[White "Adams, Michael"]
[Black "Gasanov, Eldar"]
[Result "1/2-1/2"]
[WhiteElo "2666"]
[BlackElo "2481"]
[PlyCount "0"]
[EventDate "2023.07.22"]
[EventRounds "9"]
[EventCountry "ENG"]

1. e4 c5 2. Nf3 e6 3. c3 d5 4. exd5 Qxd5 5. Na3 Nf6 6. d4 Nc6 7. Be3 cxd4 8. Nb5
Qd8 9. Nbxd4 Nxd4 10. Bxd4 Be7 11. Bd3 O-O 12. Qc2 h6 13. O-O-O Qa5 14. Kb1 Rd8 15.
Ne5 Bd7 16. Nxd7 Nxd7 17. Bh7+ Kf8 18. Be4 Rab8 19. f4 Bc5 20. Bf3 Qc7 21. g3 b6
22. Qe2 Bxd4 23. Rxd4 Nf6 24. Rhd1 Rxd4 25. Rxd4 Rd8 26. Qe5 Qc8 27. Kc2 Ke7 28.
a4 Rxd4 29. Qxd4 Qc7 30. Qb4+ Qd6 31. Qb5 Nd7 32. a5 e5 33. axb6 axb6 34. Qe2 Qe6
35. Qe3 f6 36. h4 Nc5 37. fxe5 fxe5 38. g4 Qg6+ 39. Kd2 Qd6+ 40. Ke2 Ne6 41. b4 Nf4+
42. Kf2 Kf6 43. Kg3 g6 44. Qe4 Qd2 45. g5+ hxg5 46. hxg5+ Ke6 47. Qc6+ Qd6 48. Qxd6+
Kxd6 49. c4 Kc7 50. Be4 Kd7 51. Kg4 Kd6 52. Bc2 Kc6 53. Bb1 Kd6 54. Be4 Ke6 55. Bc2
 1/2-1/2

[Event "British Chess Championships 2023: British Championship"]
[Site "The Venue, De Montfort University, 20 Western Boulevard, Leicester, LE2 7BU"]
[Date "2023.07.24"]
[Round "3"]
[Board "2"]
[White "Fernandez, Daniel H"]
[Black "Balaji, Aaravamudhan"]
[Result "1-0"]
[WhiteElo "2518"]
[BlackElo "2334"]
[PlyCount "0"]
[EventDate "2023.07.22"]
[EventRounds "9"]
[EventCountry "ENG"]

1. e4 e5 2. Nf3 Nc6 3. Bc4 Nf6 4. d3 Be7 5. O-O O-O 6. a4 d6 7. a5 Be6 8. Nc3 Bxc4
9. dxc4 b6 10. axb6 axb6 11. Rxa8 Qxa8 12. Nd5 Bd8 13. Nd2 Nd4 14. c3 Ne6 15. b4
Qa2 16. f3 Nxd5 17. cxd5 Nf4 18. g3 Nd3 19. Nb3 Nxc1 20. Nxc1 Qb2 21. Ne2 Bg5 22.
f4 exf4 23. gxf4 Bf6 24. Qd3 Ra8 25. Kf2 Ra2 26. Ke3 Bxc3 27. Nxc3 Ra3 28. Rb1 Qxc3
29. Qxc3 Rxc3+ 30. Kd4 Rc2 31. Kd3 Ra2 32. Rc1 Ra7 33. Kc4 Kf8 34. Kb5 Ke7 35. Kc6
f6 36. h4 Ra2 37. Kxc7 Re2 38. Kxb6 Rxe4 39. Rc7+ Kf8 40. b5 Rxf4 41. Kc6  1-0